Zavedenie marketingu a marketingovej filozofie do riadenia podniku

Identifikácia kľúčových problémov slovenského marketingu a možnosti ich riešenia. Prípadová štúdia P-OBCHOD s.r.o. Organizačné usporiadanie marketingových a obchodných činností. Cieľové riešenie organizačného usporiadania marketingových a obchodných činností. Marketingový informačný systém. Podporné...

Ausführliche Beschreibung

Gespeichert in:
Bibliographische Detailangaben
Format: Buchkapitel
Sprache:Slowakisch
Schlagworte:
Tags: Tag hinzufügen
Keine Tags, Fügen Sie das erste Tag hinzu!

MARC

LEADER 00000naa a2200000 4500
001 r035830
005 20230919090054.4
041 0 |a slo 
044 |a SK 
245 1 0 |a Zavedenie marketingu a marketingovej filozofie do riadenia podniku 
520 |a Identifikácia kľúčových problémov slovenského marketingu a možnosti ich riešenia. Prípadová štúdia P-OBCHOD s.r.o. Organizačné usporiadanie marketingových a obchodných činností. Cieľové riešenie organizačného usporiadania marketingových a obchodných činností. Marketingový informačný systém. Podporné projekty zavádzania marketingu do praxe. 
610 2 0 |a marketing 
610 2 0 |a riadenie podnikové 
610 2 0 |a štúdie prípadové 
610 2 0 |a štruktúra organizačná 
610 2 0 |a systémy informačné 
610 2 0 |a útvary podnikové 
610 2 0 |a výskum podnikový 
610 2 0 |a zabezpečenie organizačné 
610 2 0 |a zabezpečenie informačné 
610 2 0 |a METIS 
610 2 0 |a systémy informačné marketingové